| 000 | 01075nam a22003017a 4500 | ||
|---|---|---|---|
| 001 | 4737 | ||
| 003 | FISKH | ||
| 005 | 20240926153217.0 | ||
| 008 | 240926b cb ||||| |||| 00| 0 eng d | ||
| 020 | _a9780439836722 | ||
| 040 |
_aFISKH _beng _cFISKH _dFISKH |
||
| 050 | _aPZ7.M18995 | ||
| 082 | _a823.8 | ||
| 100 |
_aMack, Tracy _eauthor |
||
| 245 |
_aSherlock Holmes and the Barker Street Irregulars : _bThe final meeting / _cby Tracy Mack & Michael Citrin |
||
| 250 | _aFirst edition , July 2010 | ||
| 260 |
_aNew York : _bScholastic ; _c2010 . |
||
| 300 |
_a248 pages : _billustrations ; _c20 cm . |
||
| 490 |
_aSherlock Holmes and the Baker Street Irregulars _vBook 4 |
||
| 505 | _aR | ||
| 520 | _aMaster detective Sherlock Holmes sets an elaborate trap to capture the wicked Professor Moriarty and dismantle his criminal organization, but Moriarty has his own plans. | ||
| 521 | 8 |
_a770
_bLexile |
|
| 521 | 8 |
_aR
_bRaz-Plus |
|
| 650 |
_aSherlock _vfiction |
||
| 700 |
_aCitrin, Michael _eillustrator |
||
| 942 |
_2ddc _cBK _n0 |
||
| 999 |
_c4737 _d4737 |
||